banner-ar

دائرة معارف القرن العشرين / (Record no. 49792)

MARC details
000 -الفاتح
حقل البيانات ثابتة الطول 00483nam a2200169Ia 4500
005 - وقت وتاريخ اخر تعامل مع التسجيلة
رقم الضبط 20240530104659.0
008 - عناصر البيانات ثابتة الطول - معلومات عامة
حقل البيانات ثابتة الطول 140319s9999 xx 000 0 ara d
040 ## - مصدر الفهرسة
وكالة الفهرسة الأصلية GCL /
وكالة النسخ GCL
082 04 - رقم تصنيف ديوى العشرى
رقم التصنيف 030
رقم المادة م د
100 1# - المدخل الرئيسى - إسم شخصى
الإسم الشخصى محمد فريد وجدى
245 10 - بيان العنوان
العنوان دائرة معارف القرن العشرين /
بيان المسئوليه,etc محمد فريد وجدى
300 ## - الوصف المادى
التعداد 800 ص
650 04 - المدخل الاضافى بالموضوع-مصطلح موضوعى
مصطلح موضوعي دوائر المعارف
942 ## - عناصر المدخل الإضافي( كوها)
مصدر التصنيف او مخطط الترفيف Dewey Decimal Classification
Koha [default] item type كتاب
260 ## - PUBLICATION, DISTRIBUTION, ETC. (IMPRINT)
-- [S.N] :
-- دار المعرفة
Holdings
حالة التراجع حالة الفقد حالة تلف ليس للاعارة المكان المؤقت الموقع الحالى تاريخ الاكتساب اجمالي اﻻعارات رقم الطلب الباركود تاريخ اخر مشاهدة تاريخ تفعيل السعر نوع وعاء كوها مصدر التصنيف او خطة الترفيف
        مكتبة القاهرة الكبرى مكتبة القاهرة الكبرى 03/26/2014   030\م د 119518 03/26/2014 03/26/2014 كتاب  
        مكتبة القاهرة الكبرى مكتبة القاهرة الكبرى 01/25/2022   030 م د 167291 01/25/2022 01/25/2022 كتاب ddc
        مكتبة القاهرة الكبرى مكتبة القاهرة الكبرى 01/25/2022   030 م د 167292 01/25/2022 01/25/2022 كتاب ddc
        مكتبة القاهرة الكبرى مكتبة القاهرة الكبرى 01/25/2022   030 م د 167293 01/25/2022 01/25/2022 كتاب ddc
        مكتبة القاهرة الكبرى مكتبة القاهرة الكبرى 01/25/2022   030 م د 167294 01/25/2022 01/25/2022 كتاب ddc
        مكتبة القاهرة الكبرى مكتبة القاهرة الكبرى 01/25/2022   030 م د 167295 01/25/2022 01/25/2022 كتاب ddc
        مكتبة القاهرة الكبرى مكتبة القاهرة الكبرى 01/25/2022   030 م د 167296 01/25/2022 01/25/2022 كتاب ddc
        مكتبة القاهرة الكبرى مكتبة القاهرة الكبرى 01/25/2022   030 م د 167297 01/25/2022 01/25/2022 كتاب ddc
        مكتبة القاهرة الكبرى مكتبة القاهرة الكبرى 01/25/2022   030 م د 167298 01/25/2022 01/25/2022 كتاب ddc

Powered By

EGPV